[Event "NED-ch 1996 sf"]
[Site "Enschede"]
[Date "1995.??.??"]
[Round "1"]
[White "Borst, Johan"]
[Black "Lemmers, Oscar"]
[Result "1/2-1/2"]
[WhiteElo "2320"]
[BlackElo "2355"]
[PlyCount "78"]
[EventDate "1995.??.??"]

1. d4 c5 2. e3 Nf6 3. Nf3 g6 4. c4 Bg7 5. Nc3 O-O 6. a3 cxd4 7. exd4 d5 8. cxd5
Nxd5 9. Nxd5 Qxd5 10. Be3 Nc6 11. Rc1 Bg4 12. Be2 Qa5+ 13. Rc3 Rfd8 14. O-O Rd7
15. b4 Qd8 16. Rd3 Bxf3 17. Bxf3 Ne5 18. Rc3 Nxf3+ 19. Qxf3 Rb8 20. Bf4 Ra8 21.
Be5 f6 22. Bg3 b6 23. h4 Rxd4 24. Rc7 Qd5 25. Qxd5+ Rxd5 26. Rxe7 Rd3 27. Rb7
f5 28. Bb8 Rxa3 29. Re1 Bf8 30. Re8 a5 31. Rd7 Rxb8 32. Rxb8 axb4 33. Rdd8 b3
34. Rxf8+ Kg7 35. Rg8+ Kf7 36. Rgf8+ Kg7 37. Rg8+ Kf7 38. Rgf8+ Kg7 39. Rg8+
Kh6 1/2-1/2

[Event "NED-ch 1996 sf"]
[Site "Enschede"]
[Date "1995.??.??"]
[Round "1"]
[White "Bosboom, Manuel"]
[Black "Hartoch, Rob"]
[Result "1-0"]
[WhiteElo "2450"]
[BlackElo "2340"]
[PlyCount "71"]
[EventDate "1995.??.??"]

1. c4 e5 2. Nc3 d6 3. g3 g6 4. Bg2 Bg7 5. Nf3 f5 6. O-O Nf6 7. d3 O-O 8. Rb1 h6
9. b4 g5 10. a4 a5 11. b5 Nbd7 12. Ba3 Qe7 13. e3 Rb8 14. Rc1 c5 15. bxc6 bxc6
16. d4 e4 17. Ne5 Bb7 18. Ng6 Qe6 19. Nxf8 Bxf8 20. f3 Ba6 21. fxe4 fxe4 22. d5
cxd5 23. Nxd5 Nxd5 24. cxd5 Qg6 25. Rf2 Ne5 26. Qd4 Bd3 27. Qa7 Re8 28. Bb2 Ng4
29. Rd2 Re7 30. Qb6 Rf7 31. h3 Nf6 32. Rf2 Nxd5 33. Qd4 Rxf2 34. Kxf2 Qf7+ 35.
Kg1 Bg7 36. Rc8+ 1-0

[Event "NED-ch 1996 sf"]
[Site "Enschede"]
[Date "1995.??.??"]
[Round "1"]
[White "Bosch, Jeroen"]
[Black "Oei, Hway Ik"]
[Result "1/2-1/2"]
[WhiteElo "2425"]
[BlackElo "2235"]
[PlyCount "47"]
[EventDate "1995.??.??"]

1. e4 c6 2. d4 d5 3. e5 Bf5 4. Nc3 Qb6 5. Bd3 Bxd3 6. Qxd3 e6 7. Nge2 Ne7 8.
O-O Nf5 9. g4 Ne7 10. f4 h5 11. f5 hxg4 12. fxe6 fxe6 13. Bg5 Na6 14. Nf4 c5
15. Bxe7 Bxe7 16. Qg6+ Kd7 17. Ncxd5 exd5 18. Qf5+ Kd8 19. Ne6+ Ke8 20. Nxg7+
Kd8 21. Ne6+ Ke8 22. Ng7+ Kd8 23. Ne6+ Ke8 24. Ng7+ 1/2-1/2

[Event "NED-ch 1996 sf"]
[Site "Enschede"]
[Date "1995.??.??"]
[Round "1"]
[White "Delemarre, Jop"]
[Black "Van der Weide, Karel"]
[Result "0-1"]
[WhiteElo "2320"]
[BlackElo "2325"]
[PlyCount "74"]
[EventDate "1995.??.??"]

1. d4 Nf6 2. c4 g6 3. Nc3 Bg7 4. e4 d6 5. f3 O-O 6. Be3 Nbd7 7. Nh3 c5 8. d5 a6
9. Nf2 Qa5 10. a4 Ne5 11. Ra3 e6 12. Be2 exd5 13. cxd5 h5 14. h3 Re8 15. O-O
Rb8 16. Qc2 Nh7 17. Bd2 Qd8 18. Ncd1 f5 19. f4 Nf7 20. Rg3 Nf8 21. Ne3 h4 22.
Rf3 Nh6 23. Bd3 b5 24. axb5 axb5 25. exf5 Rxe3 26. Bxe3 c4 27. Be2 Bxf5 28. Qd2
Qf6 29. Nd1 Nd7 30. Bf2 Nc5 31. Qb4 Be4 32. Rc3 Qxf4 33. Bxc5 dxc5 34. Qxc5 Qd2
35. Qc7 Ra8 36. Qf4 Qxe2 37. Re3 Qxg2# 0-1

[Event "NED-ch 1996 sf"]
[Site "Enschede"]
[Date "1995.??.??"]
[Round "1"]
[White "Ellenbroek, Ton"]
[Black "Knoppert, Erik"]
[Result "0-1"]
[WhiteElo "2120"]
[BlackElo "2400"]
[PlyCount "111"]
[EventDate "1995.??.??"]

1. d4 Nf6 2. c4 c5 3. d5 b5 4. cxb5 a6 5. bxa6 Bxa6 6. Nc3 d6 7. Nf3 g6 8. e4
Bxf1 9. Kxf1 Bg7 10. g3 O-O 11. Kg2 Nbd7 12. Re1 Ng4 13. Qe2 Qa5 14. Nd2 Bxc3
15. Nc4 Qa6 16. bxc3 Nge5 17. Nxe5 Nxe5 18. Qxa6 Rxa6 19. Bf4 Nd3 20. Reb1 f6
21. Rb7 Kf7 22. a4 g5 23. Be3 Rfa8 24. h4 g4 25. Bf4 Rxa4 26. Rxa4 Rxa4 27.
Bxd6 Rxe4 28. Bf4 Nxf4+ 29. gxf4 Kg6 30. Rc7 c4 31. Kg3 h5 32. Rc8 Kg7 33. Rc7
Kg6 34. Rc8 Kf7 35. Rh8 Re1 36. Rxh5 Rg1+ 37. Kh2 Rc1 38. Rh7+ Ke8 39. Rg7 f5
40. Rg5 Rxc3 41. Rxf5 Kd7 42. Re5 Rd3 43. Re4 c3 44. Rc4 Kd6 45. Kg2 Kxd5 46.
Rc7 e6 47. Kf1 Kd4 48. h5 Rh3 49. Ke2 Rxh5 50. Rc6 Rc5 51. Rd6+ Ke4 52. Rd1 c2
53. Rc1 Kxf4 54. Kf1 Kf3 55. Ke1 e5 56. Kf1 0-1

[Event "NED-ch 1996 sf"]
[Site "Enschede"]
[Date "1995.??.??"]
[Round "1"]
[White "Riemersma, Liafbern"]
[Black "Van der Poel, Henk"]
[Result "1-0"]
[WhiteElo "2415"]
[BlackElo "2355"]
[PlyCount "69"]
[EventDate "1995.??.??"]

1. e4 c5 2. Nf3 d6 3. d4 cxd4 4. Nxd4 Nf6 5. Nc3 Nc6 6. Bc4 e6 7. O-O Be7 8.
Bb3 O-O 9. Be3 a6 10. f4 Nxd4 11. Bxd4 b5 12. e5 dxe5 13. fxe5 Nd7 14. Ne4 Bb7
15. Nd6 Bxd6 16. exd6 Qg5 17. Qe2 a5 18. a4 b4 19. Bc4 Rac8 20. Rf2 e5 21. Be3
Qg6 22. Raf1 Qxd6 23. Rxf7 Rxf7 24. Bxf7+ Kh8 25. Bb3 Nf6 26. Rd1 Qc6 27. Rd2
h6 28. Qb5 Qe4 29. Qd3 Qxd3 30. Rxd3 Be4 31. Rd2 Rc6 32. Kf1 Kh7 33. Bf2 Bf5
34. Re2 Ne4 35. Bd5 1-0

[Event "NED-ch 1996 sf"]
[Site "Enschede"]
[Date "1995.??.??"]
[Round "1"]
[White "Strating, Sybolt"]
[Black "Hendriks, Willy"]
[Result "1/2-1/2"]
[WhiteElo "2310"]
[BlackElo "2395"]
[PlyCount "98"]
[EventDate "1995.??.??"]

1. d4 g6 2. c4 Bg7 3. Nc3 d6 4. g3 Nf6 5. Bg2 O-O 6. Nf3 Nbd7 7. O-O e5 8. Re1
Re8 9. e4 exd4 10. Nxd4 Nc5 11. f3 Nfd7 12. Be3 Ne5 13. Bf1 c6 14. Bf2 f5 15.
exf5 Bxf5 16. Nxf5 gxf5 17. Be2 Qf6 18. f4 Ned7 19. Qc2 Qg6 20. Bf3 Nf6 21.
Rad1 Nce4 22. Nxe4 fxe4 23. f5 Qxf5 24. Bg2 Re6 25. Bd4 Rae8 26. Re2 Qh5 27.
Bxa7 e3 28. Rde1 Bh6 29. Qb3 R8e7 30. Bd4 Ng4 31. Bf3 Qf5 32. Bxg4 Qxg4 33. Qb6
c5 34. Bc3 Qxc4 35. Qd8+ Re8 36. Qd7 Qd5 37. Rf1 R8e7 38. Qd8+ Re8 39. Qd7 R6e7
40. Qg4+ Qg5 41. Qc4+ Re6 42. Rf4 b5 43. Qxb5 Qg6 44. Rh4 Re4 45. Rxe4 Qxe4 46.
b3 d5 47. Qxc5 Rf8 48. Re1 Qf3 49. Qd4 Qf2+ 1/2-1/2

[Event "NED-ch 1996 sf"]
[Site "Enschede"]
[Date "1995.??.??"]
[Round "1"]
[White "Van Doeland, Julius"]
[Black "Douven, Rudy"]
[Result "0-1"]
[WhiteElo "2290"]
[BlackElo "2410"]
[PlyCount "120"]
[EventDate "1995.??.??"]

1. Nf3 Nf6 2. c4 e6 3. g3 b6 4. Bg2 Bb7 5. O-O Be7 6. Nc3 O-O 7. d4 d5 8. Ne5
Na6 9. cxd5 exd5 10. Qa4 Qe8 11. Qb3 Rd8 12. Bg5 Ne4 13. Bxe7 Qxe7 14. Rad1 c5
15. e3 Nc7 16. Qc2 Nxc3 17. Qxc3 Nb5 18. Qb3 a6 19. Rfe1 c4 20. Qc2 Nd6 21. Bh3
b5 22. a3 f6 23. Nf3 Bc8 24. Bxc8 Rxc8 25. Nd2 Rfe8 26. Qc3 Qc7 27. f3 f5 28.
Qc2 Qb7 29. Rc1 Re6 30. Kf2 Rce8 31. b4 Qe7 32. Nf1 g5 33. Rcd1 g4 34. f4 Ne4+
35. Kg2 c3 36. Rc1 Rc6 37. Qb3 Rc4 38. Qc2 Ra8 39. Rb1 Kf7 40. Rb3 Kg6 41. Rc1
Rac8 42. Rbb1 h5 43. h4 Nd2 44. Ra1 Nxf1 45. Rxf1 Qxe3 46. Rae1 Qd2+ 47. Qxd2
cxd2 48. Re2 Rxd4 49. Rd1 Rc2 50. Kf2 Kf6 51. Re3 Re4 52. Rd3 Ke6 53. R1xd2
Rxd2+ 54. Rxd2 d4 55. Rc2 Re3 56. Rc6+ Kd5 57. Rxa6 Rf3+ 58. Ke2 Rxg3 59. Rb6
Rxa3 60. Rxb5+ Ke4 0-1

[Event "NED-ch 1996 sf"]
[Site "Enschede"]
[Date "1995.??.??"]
[Round "1"]
[White "Van de Oudeweetering, Arthur"]
[Black "Perez Garcia, Hebert"]
[Result "1-0"]
[WhiteElo "2350"]
[BlackElo "2240"]
[PlyCount "93"]
[EventDate "1995.??.??"]

1. e4 c6 2. d4 d5 3. Nc3 dxe4 4. Nxe4 Bf5 5. Ng3 Bg6 6. h4 h6 7. Nf3 Nd7 8. h5
Bh7 9. Bd3 Bxd3 10. Qxd3 Qc7 11. Rh4 e6 12. Bf4 Bd6 13. Bxd6 Qxd6 14. Ne4 Qe7
15. Rf4 Ngf6 16. Nxf6+ gxf6 17. O-O-O O-O-O 18. Qe2 Kb8 19. Kb1 Qd6 20. g3 Qd5
21. Nd2 c5 22. c4 Qc6 23. Nf3 Rhe8 24. Re4 Nb6 25. Rc1 f5 26. Rh4 cxd4 27. Nxd4
Qc5 28. Nb3 Qc7 29. Qe3 Rh8 30. Rd4 Rxd4 31. Nxd4 Nd7 32. c5 Qe5 33. Qc3 Rc8
34. b4 Ka8 35. Re1 Qg7 36. Qe3 Qg4 37. f4 Qxh5 38. Nb5 Nb8 39. Nd6 Rd8 40. b5
Rd7 41. Rc1 Qg4 42. Nc8 Qg7 43. Qa3 Na6 44. bxa6 bxa6 45. c6 Rc7 46. Qd6 f6 47.
Qd8 1-0

[Event "NED-ch 1996 sf"]
[Site "Enschede"]
[Date "1995.??.??"]
[Round "1"]
[White "Wuts, Frank"]
[Black "Klip, Hans"]
[Result "1-0"]
[WhiteElo "2335"]
[BlackElo "2340"]
[PlyCount "120"]
[EventDate "1995.??.??"]

1. d4 f5 2. Nc3 d5 3. Nf3 Nf6 4. Bg5 e6 5. e3 c6 6. a3 Be7 7. Ne5 O-O 8. Bd3
Nbd7 9. Nxd7 Bxd7 10. Ne2 b5 11. c3 Qe8 12. Ng3 Bd6 13. Bxf6 Rxf6 14. f4 Qe7
15. O-O c5 16. Rf2 c4 17. Be2 a5 18. Bf3 Rff8 19. Qf1 g5 20. Bd1 g4 21. h3 h5
22. Nxh5 Qh4 23. hxg4 fxg4 24. g3 Qxh5 25. Rh2 Qg6 26. Bc2 Qg7 27. Qe2 Rf7 28.
Kg2 e5 29. fxe5 Rf3 30. Rh7 Qxh7 31. Bxh7+ Kxh7 32. e4 Bf8 33. exd5 Bf5 34. a4
Bd3 35. Rh1+ Kg6 36. Qe1 Bh6 37. Rh4 Bf1+ 38. Kh2 Be3 39. Rxg4+ Kf5 40. Rh4
Rf2+ 41. Qxf2+ Bxf2 42. Rf4+ Kg5 43. Rxf2 Bd3 44. e6 Be4 45. Re2 Bf3 46. Re5+
Kg4 47. e7 Rh8+ 48. Kg1 Rh1+ 49. Kf2 Rh2+ 50. Ke1 Rh1+ 51. Kd2 Rh2+ 52. Kc1
Rh1+ 53. Kc2 Rh2+ 54. Kb1 Rh1+ 55. Ka2 Bd1 56. b4 cxb3+ 57. Kb2 Rh2+ 58. Kc1 b4
59. e8=Q bxc3 60. Kxd1 b2 1-0

[Event "NED-ch 1996 sf"]
[Site "Enschede"]
[Date "1995.??.??"]
[Round "2"]
[White "Douven, Rudy"]
[Black "Wuts, Frank"]
[Result "1-0"]
[WhiteElo "2410"]
[BlackElo "2335"]
[PlyCount "61"]
[EventDate "1995.??.??"]

1. d4 b5 2. e4 a6 3. Bd3 e6 4. Nf3 c5 5. c3 Bb7 6. O-O Nf6 7. Re1 h6 8. Nbd2
cxd4 9. cxd4 d5 10. e5 Ne4 11. Nxe4 dxe4 12. Bxe4 Bxe4 13. Rxe4 Qd5 14. Rg4 Nc6
15. Be3 g6 16. Nd2 Nb4 17. Ne4 Be7 18. Qf3 Rc8 19. Nf6+ Bxf6 20. Qxf6 Rh7 21.
Bxh6 Rxh6 22. Qg7 Qxa2 23. Rf1 Rh5 24. Qg8+ Kd7 25. Qxf7+ Kc6 26. Rxg6 Kb6 27.
Rxe6+ Ka5 28. b3 Nd3 29. Qxh5 Rc1 30. Rxa6+ Kxa6 31. Qg6+ 1-0

[Event "NED-ch 1996 sf"]
[Site "Enschede"]
[Date "1995.??.??"]
[Round "2"]
[White "Klip, Hans"]
[Black "Ellenbroek, Ton"]
[Result "1-0"]
[WhiteElo "2340"]
[BlackElo "2120"]
[PlyCount "47"]
[EventDate "1995.??.??"]

1. e4 e5 2. Bc4 Nf6 3. d3 Nc6 4. Nf3 Be7 5. O-O O-O 6. Re1 d6 7. c3 Ne8 8. d4
exd4 9. cxd4 Bg4 10. Be3 Na5 11. Be2 f5 12. exf5 Bxf5 13. d5 c5 14. dxc6 bxc6
15. Nd4 Bd7 16. b4 c5 17. bxa5 cxd4 18. Bxd4 Qxa5 19. Bc4+ d5 20. Rxe7 dxc4 21.
Rxd7 Qf5 22. Be3 Nf6 23. Rd4 Rae8 24. Nc3 1-0

[Event "NED-ch 1996 sf"]
[Site "Enschede"]
[Date "1995.??.??"]
[Round "2"]
[White "Kroeze, Frank"]
[Black "Hoeksema, Erik"]
[Result "1-0"]
[WhiteElo "2395"]
[BlackElo "2410"]
[PlyCount "85"]
[EventDate "1995.??.??"]

1. e4 e5 2. Nf3 Nc6 3. Bb5 a6 4. Bxc6 dxc6 5. O-O Bd6 6. d4 exd4 7. Qxd4 f6 8.
Nbd2 Qe7 9. Nc4 Bc5 10. Qd3 Be6 11. Na5 Bb6 12. Qc3 O-O-O 13. Be3 Bxa5 14. Qxa5
Bg4 15. Nd2 Qe5 16. Qxe5 fxe5 17. f3 Be6 18. Rfd1 Nf6 19. Nf1 b6 20. Bd2 Rhe8
21. Bc3 Rxd1 22. Rxd1 Nd7 23. a3 Rf8 24. Ne3 h5 25. Rf1 g6 26. h4 Kd8 27. g3 a5
28. Kg2 Ke7 29. f4 Bg8 30. Bxe5 Nxe5 31. fxe5 Rxf1 32. Nxf1 Ke6 33. Kf3 Kxe5
34. Ke3 c5 35. Nd2 Be6 36. Nf3+ Kf6 37. Kf4 b5 38. c3 Bg4 39. Ne5 Be6 40. Nc6
a4 41. e5+ Kg7 42. Kg5 Bh3 43. Ne7 1-0

[Event "NED-ch 1996 sf"]
[Site "Enschede"]
[Date "1995.??.??"]
[Round "2"]
[White "Lemmers, Oscar"]
[Black "Bosch, Jeroen"]
[Result "0-1"]
[WhiteElo "2355"]
[BlackElo "2425"]
[PlyCount "108"]
[EventDate "1995.??.??"]

1. e4 c5 2. c3 d6 3. d4 Nf6 4. Bd3 g6 5. Nf3 Bg7 6. h3 O-O 7. O-O Qc7 8. a4 e5
9. dxe5 dxe5 10. Na3 Rd8 11. Qc2 Nbd7 12. Nc4 h6 13. a5 Rb8 14. b4 b5 15. axb6
axb6 16. b5 Bb7 17. Be3 Ra8 18. Ncd2 Ne8 19. Nc4 Nd6 20. Nxd6 Qxd6 21. Nd2 Nf6
22. Bc4 Qe7 23. Bb3 Qd7 24. Bc4 Ne8 25. Rxa8 Rxa8 26. Rd1 Nd6 27. Be2 Qe6 28.
f3 Kh7 29. Qb3 Qxb3 30. Nxb3 Bf8 31. Nxc5 bxc5 32. Bxc5 Nxb5 33. Bxf8 Nxc3 34.
Rd7 Nxe2+ 35. Kf2 Nf4 36. Bd6 Ra2+ 37. Kg1 Rxg2+ 38. Kh1 Rd2 39. Rxf7+ Kg8 40.
Rf6 Rd1+ 41. Kh2 Rd2+ 42. Kh1 Nd3 43. Rxg6+ Kh7 44. Re6 Bc8 45. Re7+ Kg6 46.
Bxe5 Bxh3 47. Rg7+ Kh5 48. Bc7 Rc2 49. Ba5 Nf4 50. Rf7 Ne6 51. Re7 Ng5 52. Re5
Kg6 53. f4 Nf3 54. f5+ Kf7 0-1

[Event "NED-ch 1996 sf"]
[Site "Enschede"]
[Date "1995.??.??"]
[Round "2"]
[White "Perez Garcia, Hebert"]
[Black "Delemarre, Jop"]
[Result "0-1"]
[WhiteElo "2240"]
[BlackElo "2320"]
[PlyCount "76"]
[EventDate "1995.??.??"]

1. d4 d5 2. Nf3 Nf6 3. e3 c6 4. Bd3 Bg4 5. Nbd2 Nbd7 6. h3 Bh5 7. O-O e6 8. c3
Bd6 9. e4 dxe4 10. Nxe4 Nxe4 11. Bxe4 O-O 12. Qc2 f5 13. Bd3 Bxf3 14. gxf3 Qh4
15. Kg2 Rf6 16. Rh1 Nb6 17. Bd2 c5 18. Rag1 Rg6+ 19. Kf1 Rxg1+ 20. Kxg1 Rc8 21.
Kg2 c4 22. Be2 Rc6 23. Re1 Nd5 24. Bxc4 Rxc4 25. Rxe6 Qd8 26. Qxf5 Nc7 27. Re4
Rc6 28. Bg5 Qf8 29. Qd7 h6 30. Bd8 Qf7 31. Qc8 Nd5 32. Qa8 Nf4+ 33. Kf1 Qc4+
34. Kg1 Rc8 35. Qxb7 Rxd8 36. Qxa7 Nxh3+ 37. Kg2 Nf4+ 38. Kg1 Qd5 0-1

[Event "NED-ch 1996 sf"]
[Site "Enschede"]
[Date "1995.??.??"]
[Round "2"]
[White "Van Mil, Johan"]
[Black "Borst, Johan"]
[Result "1/2-1/2"]
[WhiteElo "2435"]
[BlackElo "2320"]
[PlyCount "81"]
[EventDate "1995.??.??"]

1. e4 c6 2. d4 d5 3. Nd2 dxe4 4. Nxe4 Nf6 5. Nxf6+ exf6 6. c3 Bd6 7. Bd3 O-O 8.
Ne2 Qc7 9. Ng3 Re8+ 10. Kf1 g6 11. Ne4 Be7 12. Bh6 Be6 13. h4 Nd7 14. Qf3 Bd5
15. Qf4 Qb6 16. b3 c5 17. dxc5 Nxc5 18. Nxc5 Bxc5 19. h5 Rad8 20. hxg6 fxg6 21.
Rh3 Qc6 22. Bc4 Bxc4+ 23. Qxc4+ Qd5 24. Qxd5+ Rxd5 25. Re1 Rxe1+ 26. Kxe1 g5
27. f4 Rf5 28. Rf3 Kf7 29. g4 Rxf4 30. Rxf4 gxf4 31. Bxf4 Kg6 32. Ke2 f5 33.
gxf5+ Kxf5 34. Kf3 h5 35. b4 Bf2 36. c4 Be1 37. b5 a6 38. a4 axb5 39. axb5 Bb4
40. Be3 Ke5 41. c5 1/2-1/2

[Event "NED-ch 1996 sf"]
[Site "Enschede"]
[Date "1995.??.??"]
[Round "2"]
[White "Van der Poel, Henk"]
[Black "Van Doeland, Julius"]
[Result "1/2-1/2"]
[WhiteElo "2355"]
[BlackElo "2290"]
[PlyCount "117"]
[EventDate "1995.??.??"]

1. e4 c5 2. Nf3 d6 3. d4 cxd4 4. Nxd4 Nf6 5. Nc3 Nc6 6. Bg5 e6 7. Qd2 a6 8.
O-O-O h6 9. Be3 Be7 10. f3 Bd7 11. g4 b5 12. h4 Nxd4 13. Bxd4 b4 14. Ne2 e5 15.
Be3 Qa5 16. Kb1 Be6 17. Nc1 d5 18. Bh3 dxe4 19. g5 Rd8 20. Qf2 Rxd1 21. Rxd1
Bxh3 22. gxf6 Bxf6 23. fxe4 Be6 24. Bc5 Be7 25. Bxe7 Kxe7 26. Qa7+ Kf6 27. h5
g5 28. hxg6 Kxg6 29. Qe3 h5 30. Qg3+ Kh6 31. Rf1 Qd8 32. Qxe5 Rg8 33. Nd3 Qg5
34. Qd6 Rg6 35. Qxb4 Qg2 36. Rc1 Qg3 37. Qd4 Kh7 38. b3 h4 39. Ne5 Rg5 40. Nd7
h3 41. Nf8+ Kg8 42. Qd8 Kg7 43. Rf1 Qe5 44. Nxe6+ fxe6 45. Qe7+ Kh6 46. Qf7 Rg6
47. Qf3 h2 48. Qh3+ Kg7 49. Qe3 a5 50. a3 Kh7 51. Rf7+ Kg8 52. Rf1 Kh7 53. Ka2
Kg8 54. Qa7 Rg7 55. Qe3 Rg2 56. Kb1 Rg7 57. Ka2 Rg2 58. Kb1 Rg7 59. Ka2 1/2-1/2

[Event "NED-ch 1996 sf"]
[Site "Enschede"]
[Date "1995.??.??"]
[Round "2"]
[White "Van der Weide, Karel"]
[Black "Riemersma, Liafbern"]
[Result "0-1"]
[WhiteElo "2325"]
[BlackElo "2415"]
[PlyCount "120"]
[EventDate "1995.??.??"]

1. e4 c5 2. Nf3 d6 3. d3 Nc6 4. g3 g6 5. Bg2 Bg7 6. O-O Nf6 7. Nbd2 O-O 8. c3
Nd7 9. Nb3 Nb6 10. d4 cxd4 11. cxd4 Bd7 12. d5 Ne5 13. Nfd4 a5 14. Rb1 a4 15.
Na1 Nbc4 16. Nac2 Qb6 17. Kh1 a3 18. b3 Nb2 19. Qe2 Rfc8 20. Be3 Qa6 21. Qxa6
Rxa6 22. f4 Ng4 23. Bg1 e5 24. dxe6 fxe6 25. h3 Nf6 26. e5 dxe5 27. fxe5 Nd5
28. Rbe1 Nd3 29. Bxd5 exd5 30. e6 Bxe6 31. Rxe6 Rxe6 32. Nxe6 Rxc2 33. Bd4 Rc1
34. Rxc1 Nxc1 35. Nxg7 Nxa2 36. Ne6 Nc1 37. b4 Nb3 38. Bc3 a2 39. Nc5 d4 40.
Nxb3 dxc3 41. Na1 Kf7 42. Kg2 Ke6 43. Kf3 Kd5 44. Ke3 Kc4 45. Nc2 Kb3 46. Kd3
b5 47. h4 h5 48. Na1+ Kb2 49. Nc2 a1=Q 50. Nxa1 Kxa1 51. Kxc3 Ka2 52. Kd4 Kb3
53. Ke5 Kxb4 54. Kf6 Kc5 55. Kxg6 b4 56. Kxh5 b3 57. g4 b2 58. g5 b1=Q 59. g6
Kd6 60. Kh6 Ke7 0-1

[Event "NED-ch 1996 sf"]
[Site "Enschede"]
[Date "1995.??.??"]
[Round "3"]
[White "Borst, Johan"]
[Black "Van der Weide, Karel"]
[Result "1-0"]
[WhiteElo "2320"]
[BlackElo "2325"]
[PlyCount "67"]
[EventDate "1995.??.??"]

1. d4 Nf6 2. Nc3 d5 3. Bg5 Nbd7 4. Nf3 b6 5. e3 Bb7 6. Bd3 e6 7. Ne5 Nxe5 8.
dxe5 h6 9. Bh4 g5 10. Bg3 Nd7 11. h4 Bg7 12. hxg5 Qxg5 13. Rh5 Qe7 14. Qg4 f5
15. exf6 Nxf6 16. Qa4+ c6 17. Bg6+ Kd7 18. O-O-O Kc8 19. Rh3 a5 20. Qh4 Ba6 21.
e4 Kb7 22. e5 Ng8 23. Qg4 Rf8 24. f4 Kc7 25. Kb1 Bc8 26. Qe2 Kb7 27. Na4 Qb4
28. Nxb6 Kxb6 29. Be1 Qxf4 30. Bxa5+ Kxa5 31. Qe1+ Ka6 32. Ra3+ Kb7 33. Qa5 Qd4
34. Rb3+ 1-0

[Event "NED-ch 1996 sf"]
[Site "Enschede"]
[Date "1995.??.??"]
[Round "3"]
[White "Bosboom, Manuel"]
[Black "Klip, Hans"]
[Result "1-0"]
[WhiteElo "2450"]
[BlackElo "2340"]
[PlyCount "107"]
[EventDate "1995.??.??"]

1. c4 f5 2. Nf3 Nf6 3. g3 g6 4. Bg2 Bg7 5. O-O O-O 6. Nc3 d6 7. d3 Nc6 8. Rb1
e5 9. b4 h6 10. b5 Ne7 11. a4 g5 12. c5 Be6 13. Ba3 b6 14. cxd6 cxd6 15. Nxe5
Ne8 16. d4 dxe5 17. dxe5 Ng6 18. Bxf8 Bxf8 19. Bd5 Bxd5 20. Nxd5 Nxe5 21. Qb3
Kh7 22. Rfd1 Rc8 23. a5 Nd6 24. axb6 axb6 25. Ra1 Rc5 26. Ra7+ Kh8 27. Qa2 Nc8
28. Ra8 Bg7 29. Ne3 Qf8 30. Qe6 Kh7 31. Nxf5 Qf6 32. Nxg7 Kxg7 33. Qe8 Qf5 34.
Rb8 Rc7 35. Qd8 Rf7 36. f3 Rf8 37. Qc7+ Kg6 38. g4 Qe6 39. Rxc8 Nxf3+ 40. Kh1
Rxc8 41. Qd6 Nd4 42. Rxd4 Kf6 43. Kg2 Rc2 44. Kf3 Rc3+ 45. Kf2 Rc2 46. Qf8+ Kg6
47. Qf3 Rc7 48. Qd3+ Kg7 49. Rd6 Qf7+ 50. Kg2 Re7 51. Rxb6 Qe8 52. e3 Rd7 53.
Rg6+ Qxg6 54. Qxd7+ 1-0

[Event "NED-ch 1996 sf"]
[Site "Enschede"]
[Date "1995.??.??"]
[Round "3"]
[White "Bosch, Jeroen"]
[Black "Langeweg, Kick"]
[Result "1/2-1/2"]
[WhiteElo "2425"]
[BlackElo "2375"]
[PlyCount "54"]
[EventDate "1995.??.??"]

1. e4 c5 2. Nc3 e6 3. Nf3 a6 4. g3 Nc6 5. Bg2 d6 6. O-O Nf6 7. d4 cxd4 8. Nxd4
Bd7 9. a4 Be7 10. Nxc6 Bxc6 11. a5 O-O 12. Be3 Nd7 13. Na4 f5 14. exf5 Bxg2 15.
Kxg2 Rxf5 16. Nb6 Nxb6 17. Bxb6 Qd7 18. Ra3 Bd8 19. Rd3 d5 20. c4 Bxb6 21. axb6
Qc6 22. cxd5 Rxd5 23. Rxd5 Rd8 24. Qc1 Qxd5+ 25. Kg1 Qd6 26. Qe3 Rc8 27. Qb3
Rc6 1/2-1/2

[Event "NED-ch 1996 sf"]
[Site "Enschede"]
[Date "1995.??.??"]
[Round "3"]
[White "Ellenbroek, Ton"]
[Black "Perez Garcia, Hebert"]
[Result "1-0"]
[WhiteElo "2120"]
[BlackElo "2240"]
[PlyCount "81"]
[EventDate "1995.??.??"]

1. d4 c6 2. c4 f5 3. Nc3 Nf6 4. Bg5 e6 5. d5 Bc5 6. e3 h6 7. Bxf6 Qxf6 8. Nf3
O-O 9. Be2 Bb4 10. Rc1 e5 11. O-O Na6 12. a3 Bxc3 13. Rxc3 e4 14. Nd4 c5 15.
Nb5 d6 16. Rc2 Bd7 17. Nc3 Rae8 18. f3 exf3 19. Rxf3 Qe5 20. Qf1 Nc7 21. Bd3
Rf6 22. Kh1 Ref8 23. Rcf2 Kh8 24. Ne2 Qxb2 25. Ng3 Qxa3 26. Bxf5 Bxf5 27. Nxf5
Ne8 28. h4 Qc3 29. g4 Qe5 30. g5 R6f7 31. Ne7 Rxf3 32. Ng6+ Kg8 33. Rxf3 Rxf3
34. Qxf3 Qa1+ 35. Kg2 Kh7 36. Qe4 Qb2+ 37. Kh3 Qf2 38. Nf4+ g6 39. Qxg6+ Kh8
40. Qxe8+ Kg7 41. Ne6+ 1-0

[Event "NED-ch 1996 sf"]
[Site "Enschede"]
[Date "1995.??.??"]
[Round "3"]
[White "Hoeksema, Erik"]
[Black "Van Mil, Johan"]
[Result "1-0"]
[WhiteElo "2410"]
[BlackElo "2435"]
[PlyCount "78"]
[EventDate "1995.??.??"]

1. e4 g6 2. d4 Bg7 3. c4 Nc6 4. Be3 d6 5. Nc3 e5 6. d5 Nce7 7. c5 f5 8. Bb5+
Kf7 9. f3 Bh6 10. Qd2 Bxe3 11. Qxe3 f4 12. Qf2 Nf6 13. Nge2 g5 14. g3 Ng6 15.
O-O-O dxc5 16. gxf4 gxf4 17. Qxc5 Qd6 18. Qf2 Qb6 19. Qxb6 axb6 20. h4 Bd7 21.
h5 Nf8 22. Bc4 Ne8 23. d6+ Be6 24. Bxe6+ Nxe6 25. dxc7 N8xc7 26. Rd7+ Ke8 27.
Rhd1 b5 28. a3 b4 29. axb4 Ra1+ 30. Nb1 Ra4 31. b5 Rc4+ 32. Nec3 Nd4 33. Rg7
Nce6 34. Rxb7 Nc5 35. Na3 Nxb7 36. Nxc4 Nxf3 37. Rd5 Kf7 38. Rd7+ Ke6 39. Rxb7
Rc8 1-0

[Event "NED-ch 1996 sf"]
[Site "Enschede"]
[Date "1995.??.??"]
[Round "3"]
[White "Hommeles, Theo"]
[Black "Zagema, Wieb"]
[Result "1-0"]
[WhiteElo "2275"]
[BlackElo "2395"]
[PlyCount "68"]
[EventDate "1995.??.??"]

1. e4 e5 2. Nf3 d6 3. Bc4 f5 4. Nc3 fxe4 5. Nxe5 Nh6 6. Qh5+ g6 7. Nxg6 Bg4 8.
Qb5+ c6 9. Qxb7 hxg6 10. Qxa8 Rh7 11. Nxe4 d5 12. Bxd5 cxd5 13. Qxd5 Rd7 14.
Qb5 a6 15. Qa4 Kf7 16. d3 Rd4 17. Qb3+ Kg7 18. Be3 Nf5 19. h3 Bb4+ 20. Kf1
Nxe3+ 21. fxe3 Qf8+ 22. Kg1 Rxe4 23. hxg4 Rxe3 24. Rf1 Re1 25. Rxe1 Bc5+ 26. d4
Bxd4+ 27. Re3 Nc6 28. Qb7+ Ne7 29. Rhh3 Qf6 30. c3 Bb6 31. Rhf3 Qd6 32. Kf1
Bxe3 33. Rxe3 Qd1+ 34. Re1 Qd3+ 1-0

[Event "NED-ch 1996 sf"]
[Site "Enschede"]
[Date "1995.??.??"]
[Round "3"]
[White "Riemersma, Liafbern"]
[Black "Douven, Rudy"]
[Result "1-0"]
[WhiteElo "2415"]
[BlackElo "2410"]
[PlyCount "49"]
[EventDate "1995.??.??"]

1. e4 c6 2. d4 d5 3. exd5 cxd5 4. c4 Nf6 5. Nc3 e6 6. cxd5 Nxd5 7. Nf3 Bb4 8.
Qc2 Nd7 9. Bd3 N7f6 10. O-O Be7 11. a3 O-O 12. Re1 h6 13. Ne5 Bd7 14. Qe2 Rc8
15. Nxd5 Nxd5 16. Qg4 f5 17. Qg3 Rf6 18. h4 Bd6 19. Bf4 Bc6 20. Rac1 Nxf4 21.
Qxf4 Bxe5 22. Qxe5 Rg6 23. g3 Qxh4 24. d5 Rd8 25. Rc4 1-0

[Event "NED-ch 1996 sf"]
[Site "Enschede"]
[Date "1995.??.??"]
[Round "3"]
[White "Strating, Sybolt"]
[Black "Knoppert, Erik"]
[Result "1/2-1/2"]
[WhiteElo "2310"]
[BlackElo "2400"]
[PlyCount "96"]
[EventDate "1995.??.??"]

1. Nf3 c5 2. c4 Nc6 3. g3 g6 4. Bg2 Bg7 5. O-O e6 6. Nc3 Nge7 7. b3 O-O 8. Bb2
d5 9. cxd5 exd5 10. Na4 Bxb2 11. Nxb2 Bg4 12. Nd3 Qd6 13. Re1 Rfe8 14. Qc1 b6
15. Qb2 f6 16. h3 Bf5 17. Nf4 g5 18. Nh5 d4 19. g4 Bg6 20. Ng3 Rad8 21. a3 d3
22. e3 a5 23. Rf1 h6 24. Ne1 Rf8 25. f4 Nd5 26. Ne4 Qe7 27. f5 Be8 28. Nf2 Ne5
29. Nf3 Nxf3+ 30. Bxf3 Bb5 31. Rae1 Qc7 32. Kg2 Ne7 33. Ne4 Kg7 34. Ng3 Be8 35.
b4 axb4 36. axb4 Nc6 37. bxc5 bxc5 38. Rb1 Ne5 39. Qb7 Rd7 40. Qxc7 Rxc7 41.
Bd5 h5 42. Ne4 hxg4 43. hxg4 Nxg4 44. Rfc1 Bd7 45. Nxc5 Rfc8 46. Nxd3 Bxf5 47.
e4 Bd7 48. Rxc7 Rxc7 1/2-1/2